Weezer Charting Songs (Billboard Hot Rock) - Statistics

General Stats
  • This quiz has been taken 71 times
    3 since last reset
  • The average score is 6 of 30
Answer Stats
Album Weeks On Peak Artist(s) Song % Correct
Weezer (Teal Album) 27 Weeks #5 Weezer Africa
67%
Everything Will Be Alright in the End 20 Weeks #13 Weezer Back to the Shack
67%
Everything Will Be Alright in the End 7 Weeks #13 Weezer Go Away
67%
Weezer (Teal Album) 1 Week #39 Weezer Mr. Blue Sky
67%
Weezer (White Album) 17 Weeks #13 Weezer Thank God for Girls
67%
OK Human 35 Weeks #15 Weezer All My Favorite Songs
33%
Weezer (Teal Album) 1 Week #37 Weezer Billie Jean
33%
Weezer (Teal Album) 1 Week #16 Weezer Everybody Wants to Rule the World
33%
Raditude 43 Weeks #3 Weezer (If You're Wondering If I Want You To) I Want You To
33%
Raditude 13 Weeks #26 Weezer I'm Your Daddy
33%
Hurley 15 Weeks #29 Weezer Memories
33%
Weezer (Teal Album) 1 Week #18 Weezer No Scrubs
33%
SZNZ: Spring 14 Weeks #28 Weezer A Little Bit of Love
0%
Van Weezer 1 Week #49 Weezer All the Good Ones
0%
Weezer (White Album) 2 Weeks #36 Weezer California Kids
0%
Weezer (Black Album) 10 Weeks #23 Weezer Can't Knock the Hustle
0%
Pacific Daydream 25 Weeks #12 Weezer Feels Like Summer
0%
Pacific Daydream 18 Weeks #20 Weezer Happy Hour
0%
Weezer (Teal Album) 1 Week #36 Weezer Happy Together
0%
Van Weezer 19 Weeks #17 Weezer Hero
0%
Weezer (White Album) 2 Weeks #22 Weezer I Love the USA
0%
Weezer (White Album) 1 Week #39 Weezer King of the World
0%
Frozen II 17 Weeks #11 Weezer Lost in the Woods
0%
Weezer (Teal Album) 1 Week #50 Weezer Paranoid
0%
Non-Album Single 2 Weeks #29 Weezer Rosanna
0%
Weezer (Teal Album) 1 Week #44 Weezer Stand By Me
0%
Weezer (Teal Album) 1 Week #29 Weezer Sweet Dreams (Are Made of This)
0%
Weezer (Teal Album) 5 Weeks #13 Weezer Take on Me
0%
Van Weezer 20 Weeks #9 Weezer The End of the Game
0%
Sunburn 2 Weeks #15 Dominic Fike & Weezer Think Fast
0%
No matching quizzes found
Score Distribution
Percent of People with Each Score
Percentile by Number Answered
Your Score History
You have not taken this quiz since the last reset